• Sociedades religiosas

di Topical Term

Records bibliografici associati: 1

001 - CONTROL NUMBER

  • control field: 61815

003 - CONTROL NUMBER IDENTIFIER

  • control field: IT-RoINE

005 - DATE AND TIME OF LATEST TRANSACTION

  • control field: 20190725094444.0

008 - FIXED-LENGTH DATA ELEMENTS

  • fixed length control field: 190725|| aca||aabn | a|a d

040 ## - CATALOGING SOURCE

  • Original cataloging agency: IT-RoINE
  • Transcribing agency: IT-RoINE

150 ## - HEADING--TOPICAL TERM

  • Topical term or geographic name as entry element: Sociedades religiosas
  • General subdivision: Derecho
  • Geographic subdivision: España

670 ## - SOURCE DATA FOUND

  • Source citation: Work cat.: (IT-RoINE)0: La Ley llamada del "Candado" y la oposición católica en las Cortes :, [191-?]